Vista normal
Vista MARC
Entrada Nombre personal
Número de registros utilizados en: 1
001 - NÚMERO DE CONTROL
- campo de control: 79065
003 - IDENTIFICADOR DEL NÚMERO DE CONTROL
- campo de control: BNPHU
005 - FECHA Y HORA DE LA ÚLTIMA TRANSACCIÓN
- campo de control: 20240226143127.0
008 - DATOS DE LONGITUD FIJA
- campo de control de longitud fija: 210701|| aca||aabn | a|a d
040 ## - FUENTE DE LA CATALOGACIÓN
- Centro catalogador/agencia de origen: DO-SdBNP
- Lengua de catalogación: spa
- Centro/agencia transcriptor: BNPHU
- Normas de descripción: rda
100 1# - ENCABEZAMIENTO-NOMBRE DE PERSONA
- Nombre de persona: Collazo, Lourdes M.,
- Fechas asociadas al nombre: 1966-
370 ## - LUGAR ASOCIADO
- Lugar de nacimiento: Puerto Rico
375 ## - GÉNERO/SEXO
- Género/Sexo: Femenino
400 1# - TRAZADO DE VÉASE--NOMBRE DE PERSONA
- Nombre de persona: Collazo Algarín, Lourdes M.,
- Fechas asociadas al nombre: 1966-
400 1# - TRAZADO DE VÉASE--NOMBRE DE PERSONA
- Nombre de persona: Algarín, Lourdes M. Collazo,
- Fechas asociadas al nombre: 1966-
670 ## - FUENTE DE DATOS ENCONTRADOS
- Cita de la fuente: Collazo, Lourdes M. 1966-, Devas :, 2018.
670 ## - FUENTE DE DATOS ENCONTRADOS
- Cita de la fuente: Collazo, Lourdes M. 1966-, Duchas blancas, 2009
